00573nam a2200169Ia 4500008004100000041000800041082001500049100002400064245003200088260002200120300000800142365001600150700002400166906002900190999001900219952016500238230718s9999 xx 000 0 und d aeng a005.8bPRA aPrasad R.S.9116015 aCyber Crime An Introduction c2004bICFAI Books a197 cRs.b350.00 aPrasad R.S.9116015 d12/4/06/IPRESS/2006 cIT c313482d313482 00104070aCCEPbCCEPd2006-04-28eICFAI BranchfITg350.00i12/4/06/IPRESS/2006 l0o005.8pCCEP-BK-24689r2023-07-18 00:00:00v350.00w2006-04-12yBKz024689